|
|
|
|
| LEADER |
00784nab a2200193 i 4500 |
| 001 |
misc11906 |
| 005 |
20191106141644.0 |
| 008 |
170607s1963 hu o 0|| hun d |
| 022 |
|
|
|a 0025-0260
|
| 040 |
|
|
|a SZTE Miscellanea Repozitórium
|b hun
|
| 041 |
|
|
|a hun
|
| 100 |
1 |
|
|a Szarka József
|
| 245 |
1 |
2 |
|a A nevelési folyamat korszerűsítésének kérdései.
|h [elektronikus dokumentum] /
|c Szarka József
|
| 260 |
|
|
|c 1963
|
| 300 |
|
|
|a 9-13
|
| 490 |
0 |
|
|a Magyar pedagógia : a Magyar Tudományos Akadémia Pedagógiai Bizottságának folyóirata
|v 63 No. 1
|
| 695 |
|
|
|a Neveléselmélet Magyarország 1962, Nevelési folyamat
|
| 710 |
|
|
|a Nemzetközi pedagógiai munkaértekezlet, 1962, Budapest
|
| 856 |
4 |
0 |
|u http://misc.bibl.u-szeged.hu/11906/1/mp_1963_001_4447_009-013.pdf
|z Dokumentum-elérés
|